01001cam a2200253 a 450000100100000000500170001000800410002704000290006805000190009708200210011610000440013724500960018125000110027726000300028830000210031849000590033961000730039871000310047183000660050291000280056804900090059695201250060599900170073000001197220200929162635.0750528s1965 sp 001 0 spa  aDO-SdBNPbspacLCdBNPHU00aPC4617.A4bC32 ann*bC335n, 19651 aCasares y Sanchez, Julio,d1877-92827410aNovedades en el diccionario academico :b"la academia española trabaja" /cJulio Casares. a2a ed. aMadrid :bAguilar,c1965. a197 p. ;c21 cm.1 aLiteraria: novelistas, dramaturgos, ensayistas, poetas20aReal Academia Espanola.tDiccionario de la lengua castellana.9282752 aABC (Madrid, Spain)928276 0aLiteraria: novelistas, dramaturgos, ensayistas, poetas928277 aCatalogación derivada aBNGR 001052708MOaGRbGRcCTd2009-11-02iLF1l0onn* C335n, 1965p11972-10r2020-06-25w2020-06-25y2ZPréstamo interno c11642d11642